[Event "New Zealand Championship 2023"]
[Site "Wellington"]
[Date "2023.01.02"]
[Round "1.15"]
[White "Davis, Johnathan"]
[Black "Langford, Joshua"]
[Result "1/2-1/2"]
[WhiteElo "1940"]
[BlackElo "2163"]

1. e4 {[%clk 01:30:57] [%emt 00:00:03]} 1... c6 {[%clk 01:30:18] [%emt
00:00:43]} 2. d4 {[%clk 01:31:14] [%emt 00:00:12]} 2... d5 {[%clk 01:30:45]
[%emt 00:00:03]} 3. f3 {[%clk 01:31:38] [%emt 00:00:06]} 3... Qb6 {[%clk
01:30:08] [%emt 00:01:07]} 4. a4 {[%clk 01:32:02] [%emt 00:00:06]} 4... e5
{[%clk 01:24:59] [%emt 00:05:40]} 5. dxe5 {[%clk 01:32:25] [%emt 00:00:07]}
5... Bc5 {[%clk 01:09:06] [%emt 00:16:23]} 6. a5 {[%clk 01:32:38] [%emt
00:00:17]} 6... Bf2+ {[%clk 01:04:14] [%emt 00:05:22]} 7. Ke2 {[%clk 01:32:59]
[%emt 00:00:08]} 7... Qc5 {[%clk 01:02:36] [%emt 00:02:08]} 8. b4 {[%clk
01:27:18] [%emt 00:06:11]} 8... Qd4 {[%clk 01:01:14] [%emt 00:01:53]} 9. Qxd4
{[%clk 01:27:41] [%emt 00:00:06]} 9... Bxd4 {[%clk 01:01:40] [%emt 00:00:04]}
10. Ra3 {[%clk 01:28:00] [%emt 00:00:11]} 10... dxe4 {[%clk 00:43:24] [%emt
00:18:46]} 11. fxe4 {[%clk 01:28:20] [%emt 00:00:10]} 11... Bxe5 {[%clk
00:42:36] [%emt 00:01:19]} 12. Nf3 {[%clk 01:28:42] [%emt 00:00:07]} 12... Bd6
{[%clk 00:41:18] [%emt 00:01:48]} 13. Bd2 {[%clk 01:28:38] [%emt 00:00:34]}
13... Bg4 {[%clk 00:39:46] [%emt 00:02:03]} 14. Kf2 {[%clk 01:28:58] [%emt
00:00:10]} 14... Nd7 {[%clk 00:38:55] [%emt 00:01:20]} 15. Bd3 {[%clk 01:23:44]
[%emt 00:05:43]} 15... O-O-O {[%clk 00:38:01] [%emt 00:01:25]} 16. a6 {[%clk
01:12:26] [%emt 00:01:41]} 16... b6 {[%clk 00:38:26] [%emt 00:10:13]} 17. Bc3
{[%clk 01:09:59] [%emt 00:02:56]} 17... f6 {[%clk 00:35:42] [%emt 00:03:14]}
18. Nbd2 {[%clk 01:10:20] [%emt 00:00:08]} 18... Ne7 {[%clk 00:31:35] [%emt
00:04:38]} 19. Nc4 {[%clk 01:08:49] [%emt 00:02:02]} 19... Bc7 {[%clk 00:30:29]
[%emt 00:01:36]} 20. b5 {[%clk 01:06:19] [%emt 00:02:59]} 20... Nc5 {[%clk
00:24:52] [%emt 00:06:07]} 21. Bb4 {[%clk 01:03:16] [%emt 00:03:33]} 21...
Nxd3+ {[%clk 00:21:31] [%emt 00:03:51]} 22. cxd3 {[%clk 01:03:15] [%emt
00:00:31]} 22... c5 {[%clk 00:20:49] [%emt 00:01:13]} 23. Bd2 {[%clk 01:02:28]
[%emt 00:01:16]} 23... Ng6 {[%clk 00:18:33] [%emt 00:02:46]} 24. Be3 {[%clk
00:59:00] [%emt 00:03:57]} 24... Rhe8 {[%clk 00:18:09] [%emt 00:00:55]} 25. h3
{[%clk 00:57:04] [%emt 00:02:26]} 25... Be6 {[%clk 00:16:24] [%emt 00:02:15]}
26. Nb2 {[%clk 00:56:34] [%emt 00:01:00]} 26... Bf7 {[%clk 00:16:13] [%emt
00:00:42]} 27. Rc1 {[%clk 00:55:11] [%emt 00:01:53]} 27... Ne5 {[%clk 00:13:29]
[%emt 00:03:14]} 28. d4 {[%clk 00:54:46] [%emt 00:00:55]} 28... Nxf3 {[%clk
00:11:58] [%emt 00:02:02]} 29. dxc5 {[%clk 00:55:08] [%emt 00:00:08]} 29... Nd4
{[%clk 00:11:01] [%emt 00:01:27]} 30. cxb6 {[%clk 00:54:14] [%emt 00:01:23]}
30... axb6 {[%clk 00:11:28] [%emt 00:00:02]} 31. Bxd4 {[%clk 00:51:11] [%emt
00:03:34]} 31... Rxd4 {[%clk 00:11:43] [%emt 00:00:15]} 32. Rac3 {[%clk
00:50:12] [%emt 00:01:28]} 32... Rd7 {[%clk 00:08:34] [%emt 00:03:40]} 33. Rc6
{[%clk 00:48:09] [%emt 00:02:33]} 33... Kb8 {[%clk 00:07:03] [%emt 00:02:01]}
34. Na4 {[%clk 00:46:42] [%emt 00:01:57]} 34... Red8 {[%clk 00:05:37] [%emt
00:01:56]} 35. Nxb6 {[%clk 00:43:45] [%emt 00:03:27]} 35... Bxb6+ {[%clk
00:06:06] [%emt 00:00:02]} 36. Rxb6+ {[%clk 00:43:46] [%emt 00:00:28]} 36...
Ka7 {[%clk 00:06:35]} 37. Rbc6 {[%clk 00:43:40] [%emt 00:00:34]} 37... Bg6
{[%clk 00:04:57] [%emt 00:02:10]} 38. Rc7+ {[%clk 00:40:53] [%emt 00:03:18]}
38... Kb6 {[%clk 00:04:44] [%emt 00:00:43]} 39. R1c6+ {[%clk 00:39:32] [%emt
00:01:50]} 39... Kxb5 {[%clk 00:04:54] [%emt 00:00:20]} 40. Rc5+ {[%clk
01:09:55] [%emt 00:00:07]} 1/2-1/2

[Event "New Zealand Championship 2023"]
[Site "Wellington"]
[Date "2023.01.02"]
[Round "1.16"]
[White "Cummings, Nick"]
[Black "Liu, William Rui"]
[Result "1-0"]
[WhiteElo "2153"]
[BlackElo "1908"]

1. Nf3 d5 2. e3 Nf6 3. c4 c6 4. Nc3 e6 5. Qc2 Bd6 6. b3 Nbd7 7. Bb2 b6 8. cxd5
exd5 9. Nxd5 cxd5 10. Qc6 Qc7 11. Qxa8 O-O 12. Rc1 Bc5 13. Nd4 Bb7 14. Nb5 Qc6
15. Nxa7 Rxa8 16. Nxc6 Bxc6 17. b4 Bxb4 18. Rxc6 Ne4 19. a3 Bxa3 20. Bxa3 Rxa3
21. f3 Nec5 22. Rc8+ Nf8 23. g3 Ra2 24. Rd8 Nd3+ 25. Ke2 Nc1+ 26. Kd1 Nd3 27.
Rg1 Nb4 28. Rb8 Nc6 29. Rxb6 Ne5 30. f4 Nc4 31. Bxc4 Ra1+ 32. Kc2 Rxg1 33. Bxd5
g6 34. Rb1 Rxb1 35. Kxb1 Kg7 36. Kc2 Kf6 37. Kc3 Nd7 { } 38. Kd4 h6 39. e4 h5
40. Bc6 Nf8 41. Ke3 Ne6 42. d4 Nc7 43. d5 Ke7 44. e5 Na6 45. d6+ Kd8 46. Bd5
Ke8 47. d7+ Kxd7 48. Bxf7 1-0

[Event "New Zealand Championship 2023"]
[Site "Wellington"]
[Date "2023.01.02"]
[Round "1.17"]
[White "Yu, Zachary"]
[Black "Archer, Ollie"]
[Result "0-1"]
[WhiteElo "1885"]
[BlackElo "2151"]

1. d4 d5 2. c4 e6 3. Nf3 Nf6 4. g3 dxc4 5. Bg2 Bb4+ 6. Bd2 c5 7. O-O O-O 8. Qc2
Bxd2 9. Nbxd2 cxd4 10. Nxc4 Nc6 11. Rfd1 Re8 12. Nce5 Nxe5 13. Nxe5 Qd6 14. f4
Qb6 15. Qd2 d3+ 16. e3 Rd8 17. Bf3 Bd7 18. Rac1 Bb5 19. Rc3 Nd5 20. Bxd5 Rxd5
21. Rdc1 Rad8 22. Nf3 Bc6 23. Ne5 Qa5 24. Nc4 Qb5 25. Rb3 Qc5 26. Rbc3 f6 27.
Ne5 Qa5 28. Nc4 Qc7 29. b4 Qd7 30. Na5 Rxa5 31. bxa5 Qd5 32. Rxc6 bxc6 33. Rb1
Qc4 34. Rb2 e5 35. Kf2 e4 36. Ke1 c5 37. Rb7 Qa6 38. Rc7 Qb5 39. a4 Qb1+ 40.
Qd1 d2+ 41. Ke2 Qd3+ 42. Kf2 c4 43. Rxa7 Rb8 44. a6 Rb1 45. Ra8+ Kf7 46. a7
Rxd1 47. Rf8+ Kg6 0-1

[Event "New Zealand Championship 2023"]
[Site "Wellington"]
[Date "2023.01.02"]
[Round "1.18"]
[White "Metge, J Nigel"]
[Black "Wang, Justin Zhide"]
[Result "1-0"]
[WhiteElo "2146"]
[BlackElo "1875"]

1. d4 Nf6 2. c4 e6 3. Nc3 Bb4 4. e3 b6 5. Bd3 Bb7 6. Nf3 O-O 7. O-O Bxc3 8.
bxc3 d6 9. Nd2 Nbd7 10. e4 e5 11. f4 Re8 12. Qf3 exd4 13. cxd4 Qe7 14. Re1 Nf8
15. Bb2 a5 16. Rad1 Qd7 17. h3 Re7 18. g4 Qa4 19. g5 N6d7 20. a3 f6 21. h4 Rae8
22. Qf2 fxg5 23. hxg5 Ne6 24. Qg3 Nef8 25. Rc1 Nb8 26. c5 dxc5 27. dxc5 Ba6 28.
Bc2 Qb5 29. Bb3+ Kh8 30. a4 Qd7 31. Nf3 Ng6 32. f5 Nf8 33. f6 gxf6 34. gxf6 Rf7
35. Ng5 Ne6 36. Nxf7+ Qxf7 37. Bxe6 1-0

[Event "New Zealand Championship 2023"]
[Site "Wellington"]
[Date "2023.01.02"]
[Round "1.19"]
[White "Braganza, Nadia"]
[Black "Sole, Michael D"]
[Result "1-0"]
[WhiteElo "1838"]
[BlackElo "2142"]

1. c4 e6 2. Nc3 Nf6 3. g3 d5 4. d4 dxc4 5. Nf3 c5 6. e3 Nc6 7. Bxc4 a6 8. a4 b6
9. O-O Bb7 10. Re1 Qc7 11. Bf1 Rd8 12. Bg2 Be7 13. Ne2 O-O 14. Bd2 Ne4 15. Qc2
Nxd2 16. Nxd2 Rc8 17. Rac1 Qb8 18. Qb1 Rfd8 19. Nf3 Qa8 20. dxc5 Bxc5 21. Ng5
g6 22. Nf4 e5 23. Nd3 Be7 24. Nh3 Bf6 25. e4 Nd4 26. Nb4 Qb8 27. Kh1 Qd6 28.
Nd5 Bxd5 29. exd5 Qb4 30. Ng1 Qxa4 31. Ne2 Bg5 32. Rxc8 Rxc8 33. Nc3 Qb4 34.
Qa2 Re8 35. Qa4 Qxa4 36. Nxa4 Bd2 37. Rd1 Ba5 38. Nc3 b5 39. Ne4 Kg7 40. Nc5
Ra8 41. d6 Ra7 42. Nb7 Bb6 43. d7 Ra8 44. Rc1 Rd8 45. Nxd8 Bxd8 46. Rc8 Ne6 47.
Bd5 Nc7 48. Rxd8 Nxd5 49. Ra8 Nb6 1-0

[Event "New Zealand Championship 2023"]
[Site "Wellington"]
[Date "2023.01.02"]
[Round "1.20"]
[White "Timergazi, Layla"]
[Black "Ha, Timothy Huy Minh"]
[Result "1/2-1/2"]
[WhiteElo "2136"]
[BlackElo "1812"]

1. d4 d5 2. c4 e6 3. Nc3 Nf6 4. Nf3 a6 5. cxd5 exd5 6. Bg5 Be7 7. e3 O-O 8. Bd3
h6 9. Bh4 c6 10. O-O Ne8 11. Bxe7 Qxe7 12. Ne5 Nd6 13. Na4 Bf5 14. Nc5 Nd7 15.
Nexd7 Bxd7 16. Qd2 Bf5 17. Bxf5 Nxf5 18. Rac1 Nd6 19. Qc2 Rfe8 20. b3 Ne4 21.
Nd3 Nd6 22. Rce1 Qe4 23. f3 Qg6 24. e4 Nb5 25. Qf2 f6 26. Nf4 Qf7 27. a4 Nd6
28. Qc2 Rad8 29. g4 dxe4 30. fxe4 Qd7 31. Qg2 Nf7 32. d5 cxd5 33. Nxd5 Qd6 34.
h4 Re6 35. Rc1 Qe5 36. Rfe1 Qd4+ 37. Kh1 Nd6 38. Rcd1 Qe5 39. Nc3 Re7 40. Nd5
Re6 1/2-1/2

[Event "New Zealand Championship 2023"]
[Site "Wellington"]
[Date "2023.01.02"]
[Round "1.21"]
[White "Zhu, David Junyang"]
[Black "Cilia Vincenti, David"]
[Result "0-1"]
[WhiteElo "1740"]
[BlackElo "2136"]

1. d4 f5 2. c4 Nf6 3. g3 e6 4. Nf3 d5 5. Bg2 Bd6 6. O-O O-O 7. Qc2 c6 8. Nbd2
b6 9. Rd1 Ne4 10. e3 Bb7 11. b3 Nd7 12. Bb2 Rc8 13. Rac1 c5 14. Qb1 Qe7 15.
dxc5 bxc5 16. cxd5 exd5 17. Bf1 Ndf6 18. Bxf6 Qxf6 19. Qd3 Rfd8 20. Nh4 g5 21.
Ng2 Kh8 22. Nxe4 fxe4 23. Qc3 Be5 24. Qa5 Rf8 25. Rd2 d4 26. Qxa7 Bd5 27. Qa6
Rc6 28. Qa5 d3 29. Rxc5 Rxc5 30. Qxc5 Bc3 31. Qxd5 Bxd2 32. Qd4 Qxd4 33. exd4
Be1 34. Kh1 Rxf2 35. Kg1 d2 36. Ne3 Rf3 37. Nd1 Bf2+ 38. Kg2 Bxd4 39. Be2 Rf8
40. a4 Rb8 41. Bc4 g4 42. a5 e3 43. a6 Rxb3 44. Kf1 Ra3 45. Ke2 Kg7 46. Be6 h5
47. Bc4 Kf6 48. Bb5 Kg5 49. Bd3 h4 50. Bc4 hxg3 51. hxg3 Ra5 52. Bb3 Rxa6 53.
Bc4 Rh6 0-1

[Event "New Zealand Championship 2023"]
[Site "Wellington"]
[Date "2023.01.03"]
[Round "2.1"]
[White "Moradiabadi, Elshan"]
[Black "Winter, Ryan"]
[Result "1-0"]
[WhiteElo "2514"]
[BlackElo "2209"]

1. c4 {[%clk 01:31:00]} 1... e5 {[%clk 01:28:52] [%emt 00:02:08]} 2. Nc3 {[%clk
01:31:26] [%emt 00:00:04]} 2... Nc6 {[%clk 01:27:19] [%emt 00:02:03]} 3. Nf3
{[%clk 01:29:21] [%emt 00:02:36]} 3... Nf6 {[%clk 01:27:10] [%emt 00:00:38]} 4.
e3 {[%clk 01:29:32] [%emt 00:00:19]} 4... Bb4 {[%clk 01:26:53] [%emt 00:00:47]}
5. Qc2 {[%clk 01:30:01] [%emt 00:00:02]} 5... O-O {[%clk 01:26:06] [%emt
00:01:17]} 6. Be2 {[%clk 01:28:51] [%emt 00:01:39]} 6... Re8 {[%clk 01:24:59]
[%emt 00:01:37]} 7. d3 {[%clk 01:26:43] [%emt 00:02:38]} 7... d5 {[%clk
01:21:33] [%emt 00:03:55]} 8. cxd5 {[%clk 01:27:10] [%emt 00:00:04]} 8... Nxd5
{[%clk 01:21:57] [%emt 00:00:06]} 9. O-O {[%clk 01:27:13] [%emt 00:00:27]} 9...
Bf8 {[%clk 01:20:42] [%emt 00:01:44]} 10. a3 {[%clk 01:27:39] [%emt 00:00:05]}
10... a5 {[%clk 01:15:31] [%emt 00:05:41]} 11. Bd2 {[%clk 01:27:41] [%emt
00:00:28]} 11... Nb6 {[%clk 01:10:34] [%emt 00:05:27]} 12. Ne4 {[%clk 01:23:50]
[%emt 00:04:21]} 12... Nd7 {[%clk 01:06:48] [%emt 00:04:16]} 13. Rfd1 {[%clk
01:18:08] [%emt 00:06:12]} 13... h6 {[%clk 01:01:00] [%emt 00:06:19]} 14. Bc3
{[%clk 01:10:48] [%emt 00:07:50]} 14... f5 {[%clk 00:28:03] [%emt 00:33:27]}
15. Ng3 {[%clk 01:10:47] [%emt 00:00:30]} 15... f4 {[%clk 00:20:30] [%emt
00:08:02]} 16. exf4 {[%clk 01:07:15] [%emt 00:04:04]} 16... exf4 {[%emt
00:01:52]} 17. Nh5 {[%clk 01:05:59]} 17... Qe7 {[%clk 00:19:43] [%emt
00:01:41]} 18. Nxf4 {[%clk 01:01:49] [%emt 00:04:39]} 18... Qf7 {[%clk
00:18:46] [%emt 00:01:27]} 19. g3 {[%clk 01:01:21] [%emt 00:00:58]} 19... Bd6
{[%clk 00:11:06] [%emt 00:08:11]} 20. Ng2 {[%clk 01:00:49] [%emt 00:01:01]}
20... Nc5 {[%clk 00:10:02] [%emt 00:01:34]} 21. Ne3 {[%clk 00:55:32] [%emt
00:05:48]} 21... Be6 {[%clk 00:09:31] [%emt 00:01:02]} 22. Rf1 {[%clk 00:55:57]
[%emt 00:00:04]} 22... Bb3 {[%clk 00:08:25] [%emt 00:01:35]} 23. Qd2 {[%clk
00:55:00] [%emt 00:01:26]} 23... Bd5 {[%clk 00:07:16] [%emt 00:01:40]} 24. Nxd5
{[%clk 00:54:45] [%emt 00:00:45]} 24... Nb3 {[%clk 00:06:54] [%emt 00:00:53]}
25. Qd1 {[%clk 00:54:56] [%emt 00:00:19]} 25... Qxd5 {[%clk 00:06:49] [%emt
00:00:35]} 26. Rb1 {[%clk 00:54:52] [%emt 00:00:34]} 26... Bc5 {[%clk 00:06:12]
[%emt 00:01:07]} 27. Nh4 {[%clk 00:53:39] [%emt 00:01:43]} 27... Nbd4 {[%clk
00:02:35] [%emt 00:04:07]} 28. Bf3 {[%clk 00:53:41] [%emt 00:00:28]} 28...
Nxf3+ {[%clk 00:02:30] [%emt 00:00:35]} 29. Qxf3 {[%clk 00:53:08] [%emt
00:01:04]} 29... Rad8 {[%clk 00:02:23] [%emt 00:00:37]} 30. Rbd1 {[%clk
00:52:30] [%emt 00:01:08]} 30... Rf8 {[%clk 00:01:21] [%emt 00:01:32]} 31.
Qxd5+ {[%clk 00:50:34] [%emt 00:02:26]} 31... Rxd5 {[%clk 00:01:49] [%emt
00:00:02]} 32. Ng6 {[%clk 00:49:47] [%emt 00:01:16]} 32... Rfd8 {[%clk
00:01:17] [%emt 00:01:02]} 33. Nf4 {[%clk 00:50:17] [%emt 00:00:01]} 33... R5d6
{[%clk 00:01:25] [%emt 00:00:21]} 34. Rfe1 {[%clk 00:48:40] [%emt 00:02:07]}
34... Kf7 {[%clk 00:01:22] [%emt 00:00:32]} 35. h4 {[%clk 00:48:26] [%emt
00:00:44]} 35... g5 {[%clk 00:01:09] [%emt 00:00:43]} 36. hxg5 {[%clk 00:48:16]
[%emt 00:00:41]} 36... hxg5 {[%clk 00:01:37] [%emt 00:00:01]} 37. Nh3 {[%clk
00:48:46]} 37... Kg6 {[%clk 00:01:43] [%emt 00:00:25]} 38. Kg2 {[%clk
00:49:15]} 38... Rxd3 {[%emt 00:01:32]} 39. Re6+ {[%clk 00:49:19]} 39... Kh5
{[%clk 00:00:38] [%emt 00:00:59]} 40. Rxd3 {[%clk 01:15:42] [%emt 00:04:07]}
40... Rxd3 {[%clk 00:31:06] [%emt 00:00:02]} 41. f3 {[%clk 01:16:03] [%emt
00:00:09]} 1-0

[Event "New Zealand Championship 2023"]
[Site "Wellington"]
[Date "2023.01.03"]
[Round "2.2"]
[White "Shoker, Samy"]
[Black "Rains, Edward"]
[Result "1-0"]
[WhiteElo "2491"]
[BlackElo "2180"]

1. c4 {[%clk 01:30:57] [%emt 00:00:03]} 1... c6 {[%clk 01:30:52] [%emt
00:00:08]} 2. Nf3 {[%clk 01:31:17] [%emt 00:00:09]} 2... d5 {[%clk 01:31:14]
[%emt 00:00:09]} 3. b3 {[%clk 01:31:40] [%emt 00:00:08]} 3... Nf6 {[%clk
01:30:42] [%emt 00:01:01]} 4. Bb2 {[%clk 01:31:34] [%emt 00:00:35]} 4... e6
{[%clk 01:28:10] [%emt 00:03:01]} 5. g3 {[%clk 01:31:41] [%emt 00:00:23]} 5...
Bd6 {[%clk 01:26:06] [%emt 00:02:35]} 6. Bg2 {[%clk 01:31:51] [%emt 00:00:20]}
6... O-O {[%clk 01:25:09] [%emt 00:01:27]} 7. O-O {[%clk 01:32:15] [%emt
00:00:07]} 7... Qe7 {[%clk 01:23:14] [%emt 00:02:24]} 8. d3 {[%clk 01:29:32]
[%emt 00:03:13]} 8... e5 {[%clk 01:20:07] [%emt 00:03:37]} 9. cxd5 {[%clk
01:28:12] [%emt 00:01:50]} 9... cxd5 {[%clk 01:20:21] [%emt 00:00:16]} 10. Nc3
{[%clk 01:28:37] [%emt 00:00:06]} 10... Nc6 {[%clk 01:17:28] [%emt 00:03:23]}
11. Nd2 {[%clk 01:27:29] [%emt 00:01:36]} 11... Be6 {[%clk 01:12:11] [%emt
00:05:47]} 12. Nb5 {[%clk 01:25:39] [%emt 00:02:21]} 12... Bb4 {[%clk 01:08:56]
[%emt 00:03:44]} 13. a3 {[%clk 01:24:03] [%emt 00:02:06]} 13... Bxd2 {[%clk
01:07:05] [%emt 00:02:21]} 14. Qxd2 {[%clk 01:24:10] [%emt 00:00:24]} 14... a6
{[%clk 01:07:05] [%emt 00:00:29]} 15. Nc3 {[%clk 01:24:34] [%emt 00:00:06]}
15... d4 {[%clk 01:07:10] [%emt 00:00:25]} 16. Na4 {[%clk 01:24:21] [%emt
00:00:43]} 16... Bxb3 {[%clk 01:03:33] [%emt 00:04:07]} 17. Nb6 {[%clk
01:24:44] [%emt 00:00:06]} 17... Rad8 {[%clk 01:02:29] [%emt 00:01:34]} 18. a4
{[%clk 01:24:58] [%emt 00:00:16]} 18... Qc7 {[%clk 00:58:06] [%emt 00:04:53]}
19. a5 {[%clk 01:25:09] [%emt 00:00:20]} 19... Bd5 {[%clk 00:54:21] [%emt
00:04:15]} 20. Nxd5 {[%clk 01:24:02] [%emt 00:01:37]} 20... Nxd5 {[%clk
00:54:43] [%emt 00:00:08]} 21. Rfc1 {[%clk 01:23:24] [%emt 00:01:07]} 21... Qd7
{[%clk 00:49:55] [%emt 00:05:18]} 22. Ra3 {[%clk 01:14:21] [%emt 00:09:33]}
22... Qe6 {[%clk 00:45:21] [%emt 00:05:04]} 23. Rc4 {[%clk 01:10:28] [%emt
00:04:22]} 23... Na7 {[%clk 00:39:08] [%emt 00:06:44]} 24. Ra1 {[%clk 01:05:40]
[%emt 00:05:18]} 24... Nb5 {[%clk 00:37:06] [%emt 00:02:33]} 25. Rac1 {[%clk
01:05:22] [%emt 00:00:47]} 25... Rd7 {[%clk 00:33:16] [%emt 00:04:21]} 26. h4
{[%clk 00:59:04] [%emt 00:06:47]} 26... Rfd8 {[%clk 00:26:14] [%emt 00:07:32]}
27. Kh2 {[%clk 00:59:17] [%emt 00:00:17]} 27... Qd6 {[%clk 00:24:09] [%emt
00:02:35]} 28. Qe1 {[%clk 00:47:50] [%emt 00:11:56]} 28... Ndc3 {[%clk
00:19:58] [%emt 00:04:42]} 29. e3 {[%clk 00:44:47] [%emt 00:03:33]} 29... Qg6
{[%clk 00:17:56] [%emt 00:02:31]} 30. exd4 {[%clk 00:39:56] [%emt 00:05:22]}
30... exd4 {[%clk 00:17:20] [%emt 00:01:06]} 31. Qd2 {[%clk 00:39:02] [%emt
00:01:23]} 31... Qf6 {[%clk 00:14:34] [%emt 00:03:15]} 32. Re1 {[%clk 00:37:59]
[%emt 00:01:33]} 32... Re7 {[%clk 00:12:43] [%emt 00:02:22]} 33. Rxe7 {[%clk
00:38:05] [%emt 00:00:24]} 33... Qxe7 {[%clk 00:13:05] [%emt 00:00:07]} 34. Bf3
{[%clk 00:38:21] [%emt 00:00:13]} 34... h6 {[%clk 00:11:29] [%emt 00:02:06]}
35. Kg2 {[%clk 00:36:54] [%emt 00:01:58]} 35... Rd7 {[%clk 00:03:54] [%emt
00:08:05]} 36. Qf4 {[%clk 00:35:26] [%emt 00:01:57]} 36... Qd8 {[%clk 00:02:50]
[%emt 00:01:35]} 37. Qg4 {[%clk 00:32:41] [%emt 00:03:14]} 37... Rc7 {[%clk
00:02:27] [%emt 00:00:54]} 38. Bxb7 {[%clk 00:31:57] [%emt 00:01:14]} 38...
Rxc4 {[%clk 00:00:51] [%emt 00:02:06]} 39. dxc4 {[%clk 00:32:23] [%emt
00:00:04]} 39... Nd6 {[%clk 00:00:36] [%emt 00:00:45]} 40. Qxd4 {[%clk
01:01:04] [%emt 00:01:49]} 40... Nxb7 {[%clk 00:30:50] [%emt 00:00:16]} 41.
Qxd8+ {[%clk 01:01:08] [%emt 00:00:25]} 41... Nxd8 {[%clk 00:31:13] [%emt
00:00:06]} 42. Bxc3 {[%clk 01:01:37] [%emt 00:00:02]} 42... Kf8 {[%clk
00:31:15] [%emt 00:00:28]} 43. Kf3 {[%clk 01:01:56] [%emt 00:00:11]} 43... Ne6
{[%clk 00:31:34] [%emt 00:00:11]} 44. Ke4 {[%clk 01:01:04] [%emt 00:01:22]}
44... Ke7 {[%clk 00:31:45] [%emt 00:00:19]} 45. Kd5 {[%clk 01:00:24] [%emt
00:01:10]} 45... Kd7 {[%clk 00:31:43] [%emt 00:00:33]} 46. h5 {[%clk 00:57:22]
[%emt 00:03:31]} 46... f6 {[%clk 00:29:54] [%emt 00:02:19]} 47. f4 {[%clk
00:52:52] [%emt 00:05:00]} 47... Nd8 {[%clk 00:29:46] [%emt 00:00:37]} 48. Bb4
{[%clk 00:52:57] [%emt 00:00:24]} 48... Ne6 {[%clk 00:27:39] [%emt 00:02:37]}
49. Bd6 {[%clk 00:51:07] [%emt 00:02:21]} 49... Nd8 {[%clk 00:27:20] [%emt
00:00:49]} 50. c5 {[%clk 00:49:57] [%emt 00:01:40]} 50... Nc6 {[%clk 00:23:39]
[%emt 00:04:11]} 51. Bf8 {[%clk 00:49:23] [%emt 00:01:03]} 51... Nxa5 {[%clk
00:23:57] [%emt 00:00:14]} 52. Bxg7 {[%clk 00:49:46] [%emt 00:00:06]} 52... Ke7
{[%clk 00:24:00] [%emt 00:00:27]} 53. c6 {[%clk 00:49:49] [%emt 00:00:27]} 1-0